| 000 | 00485nam a22001577a 4500 | ||
|---|---|---|---|
| 001 | 45650 | ||
| 003 | BD-DhUET | ||
| 008 | 260418b xxu||||| |||| 00| 0 eng d | ||
| 040 |
_c0 _dBD-DhUET |
||
| 100 | _aZunaid Baten, Md | ||
| 245 | _aIII-Nitride material based next generation photonic and optoelectronic devices | ||
| 260 |
_aDhaka _bDepartment of Electrical and Electronic Engineering, BUET _c2025 |
||
| 300 | _avarious pagings | ||
| 504 | _aIncludes bibliographies | ||
| 942 | _cREPORT | ||
| 999 |
_c45650 _d45650 |
||